INDUSTRIAL PHARMACY -II (Record no. 33026)

MARC details
000 -LEADER
fixed length control field 00324nam a22001457a 4500
003 - CONTROL NUMBER IDENTIFIER
control field SGT
020 ## - INTERNATIONAL STANDARD BOOK NUMBER
International Standard Book Number 938426637-X
082 ## - DEWEY DECIMAL CLASSIFICATION NUMBER
Classification number 615.1
Item number PAU
100 ## - MAIN ENTRY--PERSONAL NAME
Personal name PAUL, SWARNALI DAS
245 ## - TITLE STATEMENT
Title INDUSTRIAL PHARMACY -II
260 ## - PUBLICATION, DISTRIBUTION, ETC. (IMPRINT)
Place of publication, distribution, etc INDIA
Name of publisher, distributor, etc BIRLA PUB.
Year of Publication 2024
300 ## - PAGE DESCRIPTION
No. of Pages 248
650 ## - SUBJECT ADDED ENTRY--TOPICAL TERM
Topical term or geographic name as entry element INDUSTRIAL PHARMACY
942 ## - ADDED ENTRY ELEMENTS (KOHA)
Source of classification or shelving scheme Dewey Decimal Classification
Koha item type Books
Holdings
Withdrawn status Lost status Source of classification or shelving scheme Damaged status Not for loan Collection code Home library Current library Shelving location Date acquired Vendor Name Cost, normal purchase price Volume Information (Serial or Books or Non-Book Material) SGTU Bill Number Full call number Accession No. (Barcode) Date last seen Bill Date Koha item type Total Checkouts
    Dewey Decimal Classification   Not For Loan SCIENCE SGT Science & Social Sciences Library SGT Science & Social Sciences Library Reference Book 30/10/2025 ABC 275.00 2 SGTU 21721 615.1 PAU DP1336 30/10/2025 17/09/2025 Books  
    Dewey Decimal Classification     SCIENCE SGT Science & Social Sciences Library SGT Science & Social Sciences Library Text Book 30/10/2025 ABC 275.00 2 SGTU 21721 615.1 PAU DP1337 30/10/2025 17/09/2025 Books  
    Dewey Decimal Classification     SCIENCE SGT Science & Social Sciences Library SGT Science & Social Sciences Library Text Book 30/10/2025 ABC 275.00 2 SGTU 21721 615.1 PAU DP1338 30/10/2025 17/09/2025 Books  
    Dewey Decimal Classification     SCIENCE SGT Science & Social Sciences Library SGT Science & Social Sciences Library Text Book 30/10/2025 ABC 275.00 2 SGTU 21721 615.1 PAU DP1339 30/10/2025 17/09/2025 Books